01194nam a2200277 a 4500003000900000005001700009008004100026020001800067040002500085082002800110100002300138245007900161260005000240300002100290500005700311504003000368590002600398650002400424650002700448910002600475942001200501952012400513952013200637952013200769999001500901DO-SdBNP20210830075946.0100519s2010 dr r 000 p spa d a9789945163452 aDO-SdBNPbspacBPMSU aRD861.44bE91i 20102221 aEusebio, Enríque10aInventos del instante, instantes rotos :bserrata 2010 /cEnrique Eusebio. aSanto Domingo :bHecho en CasafBúhoc2010. a100 p. ;c24 cm. aIncluye datos biográficos del autor en las solapas aBibliografía : p. 11-15 6Inventariado, 2021/VM 4aPoesía dominicana 4aLiteratura dominicana. aInventariado, 2020/VM 2ddccBK 00102ddc40708CDaBPMETbBPMETd2015-08-06l0oBPMSU CD RD861.44 E91i 2010pBPMSU5080108r2015-08-06w2015-08-06yBK 00102ddc40708CDaBPMETbBPMETd2015-08-06l0oBPMSU CD RD861.44 E91zI 2010pBPMSU15080109r2015-08-06te. 2w2015-08-06yBK 00102ddc40708CDaBPMETbBPMETd2015-08-06l0oBPMSU CD RD861.44 E91zI 2010pBPMESU5080110r2015-08-06te. 3w2015-08-06yBK c8092d8092